Democracy and Development (Record no. 7855)

MARC details
000 -LEADER
fixed length control field 00547nam a22001817a 4500
003 - CONTROL NUMBER IDENTIFIER
control field OSt
005 - DATE AND TIME OF LATEST TRANSACTION
control field 20220328113408.0
008 - FIXED-LENGTH DATA ELEMENTS--GENERAL INFORMATION
fixed length control field 220328b ||||| |||| 00| 0 eng d
020 ## - INTERNATIONAL STANDARD BOOK NUMBER
International Standard Book Number 9780521793797
040 ## - CATALOGING SOURCE
Transcribing agency DDC
082 ## - DEWEY DECIMAL CLASSIFICATION NUMBER
Classification number 321.8 DEM 2000
100 ## - MAIN ENTRY--PERSONAL NAME
Personal name Adam Przeworski et al
9 (RLIN) 15976
245 ## - TITLE STATEMENT
Title Democracy and Development
Remainder of title : political institutions and well being in the world, 1950-1990
260 ## - PUBLICATION, DISTRIBUTION, ETC. (IMPRINT)
Place of publication, distribution, etc. Newyork
Name of publisher, distributor, etc. :Cambridge University
Date of publication, distribution, etc. , C 2000
300 ## - PHYSICAL DESCRIPTION
Extent xvii,321p.
Dimensions : 23 cm
504 ## - BIBLIOGRAPHY, ETC. NOTE
Bibliography, etc Appendix<br/>Index<br/>References
942 ## - ADDED ENTRY ELEMENTS (KOHA)
Source of classification or shelving scheme Dewey Decimal Classification
Koha item type Book
Holdings
Withdrawn status Lost status Source of classification or shelving scheme Damaged status Not for loan Home library Current library Date acquired Source of acquisition Inventory number Total Checkouts Full call number Barcode Date last seen Price effective from Koha item type
    Dewey Decimal Classification     Faculty of Interdisciplinary Studies Library Faculty of Interdisciplinary Studies Library 28/03/2022 Purchase 11/4309   321.8 DEM 2000 2022-0580 28/03/2022 28/03/2022 Book
    Dewey Decimal Classification     Faculty of Interdisciplinary Studies Library Faculty of Interdisciplinary Studies Library 28/03/2022 Purchase 11/4313   321.8 DEM 2000 2022-0581 28/03/2022 28/03/2022 Book
    Dewey Decimal Classification     Faculty of Interdisciplinary Studies Library Faculty of Interdisciplinary Studies Library 28/03/2022 Purchase 11/4310   321.8 DEM 2000 2022-0582 28/03/2022 28/03/2022 Book
    Dewey Decimal Classification     Faculty of Interdisciplinary Studies Library Faculty of Interdisciplinary Studies Library 28/03/2022 Purchase 11/4312   321.8 DEM 2000 2022-0583 28/03/2022 28/03/2022 Book